[Event "II Open Alfa Lum A"]
[Site "Cagliari ITA"]
[Date "2010.09.03"]
[Round "1"]
[White "Maldarelli, Lorenzo"]
[Black "Di Pinto, Vincenzo"]
[Result "0-1"]
[WhiteElo "1806"]
[BlackElo "1567"]
[PlyCount "119"]
[EventDate "2010.09.03"]

1. d4 e6 2. c4 d5 3. Nf3 Nf6 4. Nc3 Be7 5. Bg5 O-O 6. e3 b6 7. cxd5 Nxd5 8.
Bxe7 Qxe7 9. Rc1 Bb7 10. Bd3 Nc6 11. a3 a6 12. O-O Rad8 13. Qe2 b5 14. Ne4 Nb8
15. Nc5 Bc8 16. g3 Nd7 17. e4 Nxc5 18. Rxc5 Nb6 19. Rfc1 Na8 20. b4 Bb7 21. h4
f6 22. Qe3 Rd7 23. Bc2 Kh8 24. Bb3 c6 25. e5 f5 26. Ng5 Nc7 27. Nf3 g6 28. Qf4
Kg7 29. Qg5 Qf7 30. Qf4 h6 31. a4 Rfd8 32. axb5 cxb5 33. Qe3 Ra8 34. Ne1 Rad8
35. Qc3 Nd5 36. Bxd5 Rxd5 37. Nc2 f4 38. Rc7 R5d7 39. Rxd7 Rxd7 40. Ne1 fxg3
41. fxg3 Qf5 42. Ng2 Qe4 43. Rc2 Rf7 44. Rd2 g5 45. hxg5 hxg5 46. Qe3 Qb1+ 47.
Kh2 Qf5 48. Qe2 Qh7+ 49. Kg1 Bd5 50. Qe3 Qb1+ 51. Ne1 Kh6 52. Rh2+ Kg6 53. Rf2
Rxf2 54. Qxf2 Kh5 55. Kh2 Qh7 56. Nf3 Kg4+ 57. Kg2 Qh3+ 58. Kg1 Bxf3 59. Qh2
Qxh2+ 60. Kxh2 0-1

[Event "II Open Alfa Lum A"]
[Site "Cagliari ITA"]
[Date "2010.09.03"]
[Round "1"]
[White "Masala, Diego"]
[Black "Pannella, Leopoldo"]
[Result "1/2-1/2"]
[WhiteElo "1857"]
[BlackElo "1584"]
[PlyCount "78"]
[EventDate "2010.09.03"]

1. e4 c5 2. d4 cxd4 3. c3 dxc3 4. Nxc3 Nc6 5. Nf3 e6 6. Bc4 Nf6 7. Qe2 Qc7 8.
h3 a6 9. a4 Bb4 10. O-O Bxc3 11. bxc3 Na5 12. Nd2 Qe5 13. Qd3 O-O 14. Ba3 Nxc4
15. Nxc4 Qxe4 16. Qxe4 Nxe4 17. Bxf8 Kxf8 18. Nb6 Rb8 19. c4 Ke7 20. f3 Nc5 21.
a5 d6 22. f4 Nd7 23. Rac1 Nxb6 24. axb6 Bd7 25. c5 d5 26. Rfe1 h6 27. f5 Rc8
28. fxe6 fxe6 29. Kf2 Bc6 30. Ke3 e5 31. Kd3 Bb5+ 32. Kd2 Ke6 33. Re3 Bc4 34.
Rce1 e4 35. Kc3 Rxc5 36. Kd4 Rc6 37. Rg3 g5 38. h4 gxh4 39. Rg6+ Kd7 1/2-1/2

[Event "II Open Alfa Lum A"]
[Site "Cagliari ITA"]
[Date "2010.09.03"]
[Round "1"]
[White "Massa, Gianluca"]
[Black "Mallo', Danilo"]
[Result "1/2-1/2"]
[WhiteElo "1691"]
[BlackElo "1942"]
[PlyCount "74"]
[EventDate "2010.09.03"]

1. d4 d5 2. c4 c6 3. Nc3 Nf6 4. Nf3 e6 5. cxd5 cxd5 6. Bg5 Be7 7. e3 O-O 8. Bd3
Qb6 9. Qc2 h6 10. Bh4 Nc6 11. a3 Bd7 12. O-O Rfc8 13. Ne5 Be8 14. f4 Ne4 15.
Bxe7 Nxe7 16. Bxe4 dxe4 17. Qd2 f6 18. Ng4 Qb3 19. Rac1 b5 20. Nf2 f5 21. g4 g6
22. h3 b4 23. axb4 Qxb4 24. gxf5 Nxf5 25. Nfxe4 Bc6 26. Nc5 Kf7 27. Qf2 g5 28.
fxg5 Rg8 29. Nxe6 Raf8 30. Qxf5+ Ke8 31. Nc7+ Kd8 32. Ne6+ Ke8 33. Qe5 Rxf1+
34. Rxf1 Qb7 35. Nc5+ Qe7 36. Qb8+ Qd8 37. Qe5+ Qe7 1/2-1/2

[Event "II Open Alfa Lum A"]
[Site "Cagliari ITA"]
[Date "2010.09.03"]
[Round "1"]
[White "Nessi, Davide"]
[Black "Porru, Giambattista"]
[Result "1-0"]
[WhiteElo "1785"]
[BlackElo "1518"]
[PlyCount "48"]
[EventDate "2010.09.03"]

1. e4 e5 2. f4 d6 3. Bc4 Nh6 4. Nf3 Bg4 5. O-O Be7 6. d4 Nc6 7. fxe5 g5 8. exd6
Qxd6 9. c3 f6 10. Be3 O-O-O 11. Nbd2 Kb8 12. Qa4 Bd7 13. Qc2 Ng4 14. Bf2 Be8
15. b4 a6 16. a4 a5 17. b5 Na7 18. Ba2 Bg6 19. Nc4 Qd7 20. Nxa5 b6 21. Nc4 f5
22. Nfe5 Qe6 23. Nxg4 fxg4 24. Ne5 Bd6 1-0

[Event "II Open Alfa Lum A"]
[Site "Cagliari ITA"]
[Date "2010.09.03"]
[Round "1"]
[White "Pani, Giovanni"]
[Black "Toniolo, Massimo"]
[Result "0-1"]
[WhiteElo "1434"]
[BlackElo "1760"]
[PlyCount "94"]
[EventDate "2010.09.03"]

1. e4 c5 2. Nf3 e6 3. d4 cxd4 4. Nxd4 Nc6 5. Nxc6 bxc6 6. Nc3 d5 7. exd5 cxd5
8. Bb5+ Bd7 9. Bxd7+ Qxd7 10. O-O Nf6 11. Re1 Bb4 12. Qd4 a5 13. Bg5 Bxc3 14.
bxc3 Qe7 15. Bxf6 gxf6 16. Rab1 Rc8 17. Qa4+ Qd7 18. Qxd7+ Kxd7 19. Rb3 Rc7 20.
Reb1 Rhc8 21. Rb7 Rxb7 22. Rxb7+ Rc7 23. Rb3 Kc6 24. Kf1 Kc5 25. Ke2 Kc4 26.
Kd2 f5 27. f4 f6 28. Rb8 Rg7 29. Rc8+ Kb5 30. g3 e5 31. fxe5 fxe5 32. Kd3 h5
33. c4+ dxc4+ 34. Rxc4 e4+ 35. Kc3 e3 36. a4+ Kb6 37. Kd3 Re7 38. Ke2 Re5 39.
Rc3 Rc5 40. Rxc5 Kxc5 41. c3 Kc4 42. Kxe3 Kxc3 43. h4 Kb4 44. Kd2 Kxa4 45. Kc2
Ka3 46. Kb1 Kb3 47. Ka1 Kc3 0-1

[Event "II Open Alfa Lum A"]
[Site "Cagliari ITA"]
[Date "2010.09.03"]
[Round "1"]
[White "Pannella, Antonello"]
[Black "Altea, Alessandro"]
[Result "1/2-1/2"]
[WhiteElo "1535"]
[BlackElo "1789"]
[PlyCount "95"]
[EventDate "2010.09.03"]

1. c4 Nf6 2. Nc3 c5 3. g3 g6 4. Bg2 Bg7 5. e3 e6 6. Nge2 O-O 7. O-O d5 8. cxd5
exd5 9. d4 c4 10. b3 Nc6 11. Nf4 Ne7 12. Ba3 Be6 13. Bxe7 Qxe7 14. Ncxd5 Nxd5
15. Nxd5 Qd6 16. bxc4 Rac8 17. Qa4 a6 18. c5 Qd8 19. Nb6 Rc7 20. Rfd1 Kh8 21.
Rac1 Bd7 22. Qb4 Re8 23. d5 Re5 24. d6 Rc6 25. Bxc6 Bxc6 26. f4 Rxe3 27. Qd2
Re4 28. Rc4 Re6 29. Re1 Rxe1+ 30. Qxe1 Bf8 31. Qe5+ Kg8 32. Nd5 h5 33. Nf6+ Kg7
34. Nxh5+ Kg8 35. Nf6+ Kg7 36. Nd7+ f6 37. Nxf6 Qxf6 38. Qxf6+ Kxf6 39. Kf2 Ke6
40. g4 Kd5 41. Rc1 Bd7 42. Kf3 Ke6 43. h4 Kf6 44. Re1 b6 45. cxb6 Bxd6 46. Rb1
Bc6+ 47. Kg3 Bb5 48. h5 1/2-1/2

[Event "II Open Alfa Lum A"]
[Site "Cagliari ITA"]
[Date "2010.09.03"]
[Round "1"]
[White "Pompianu, Livio"]
[Black "Murtas, Gianvito"]
[Result "1-0"]
[WhiteElo "1503"]
[BlackElo "1781"]
[PlyCount "67"]
[EventDate "2010.09.03"]

1. d4 Nf6 2. c4 e6 3. Nc3 b6 4. e3 Bb7 5. Nf3 d5 6. Bd3 c5 7. O-O Nbd7 8. b3
dxc4 9. Bxc4 a6 10. a4 Bd6 11. Bb2 cxd4 12. exd4 Ng4 13. h3 h5 14. d5 Nde5 15.
Be2 Nxf3+ 16. Bxf3 Qf6 17. Bxg4 hxg4 18. Qxg4 Qe5 19. g3 O-O-O 20. Rae1 Qh5 21.
Qc4+ Kb8 22. h4 Rh6 23. Rd1 Rg6 24. Ne2 Rh8 25. Rd4 Be5 26. Rd2 Rg4 27. Bxe5+
Ka8 28. Rd4 Qxh4 29. Kg2 Qh3+ 30. Kf3 Rxd4 31. Qxd4 Qxf1 32. Qxb6 Bxd5+ 33. Ke3
Qb1 34. Qxa6# 1-0

[Event "II Open Alfa Lum A"]
[Site "Cagliari ITA"]
[Date "2010.09.03"]
[Round "1"]
[White "Puzzoni, Christian"]
[Black "Pais, Mario"]
[Result "1-0"]
[WhiteElo "2107"]
[BlackElo "1745"]
[PlyCount "77"]
[EventDate "2010.09.03"]

1. d4 Nf6 2. Bg5 e6 3. Nc3 d5 4. e3 Be7 5. Bd3 h6 6. Bf4 c6 7. Nf3 Nbd7 8. h3
a6 9. Ne2 c5 10. c3 Qb6 11. O-O O-O 12. a4 a5 13. Rb1 c4 14. Bc2 Qd8 15. Ng3
Re8 16. Qd2 Nh7 17. e4 Ng5 18. Nxg5 Bxg5 19. Rfe1 dxe4 20. Nxe4 Bxf4 21. Qxf4
Nb6 22. Qg3 Bd7 23. Nd6 Re7 24. Nxb7 Qb8 25. Qxb8+ Rxb8 26. Nxa5 Ra8 27. Re5 f6
28. Rc5 Bxa4 29. Bxa4 Nxa4 30. Nxc4 Nxc5 31. dxc5 Rc7 32. b4 Rb8 33. Re1 e5 34.
Nb6 Rd8 35. c4 Rd2 36. Nd5 Ra7 37. c6 Kf8 38. c7 Ra8 39. Nb6 1-0

[Event "II Open Alfa Lum A"]
[Site "Cagliari ITA"]
[Date "2010.09.03"]
[Round "1"]
[White "Rocco, Luciano"]
[Black "Neri, Enzo"]
[Result "0-1"]
[WhiteElo "1713"]
[BlackElo "2070"]
[PlyCount "52"]
[EventDate "2010.09.03"]

1. d4 d5 2. c4 c6 3. Nc3 Nf6 4. Bg5 Nbd7 5. e3 e6 6. Nf3 Qa5 7. Nd2 Bb4 8. Qc2
Ne4 9. Ndxe4 dxe4 10. Be2 Qxg5 11. Qxe4 Nf6 12. Qf3 Bxc3+ 13. bxc3 Qa5 14. O-O
e5 15. h3 O-O 16. Rfc1 e4 17. Qf4 Be6 18. c5 b6 19. Qd6 bxc5 20. dxc5 Rfd8 21.
Qxc6 Rac8 22. Qb5 Rxc5 23. Qb4 Rd2 24. Qxa5 Rxa5 25. Bd1 Raxa2 26. Rab1 g6 0-1

[Event "II Open Alfa Lum A"]
[Site "Cagliari ITA"]
[Date "2010.09.03"]
[Round "1"]
[White "Saccheri, Fabio"]
[Black "Melis, Daniele"]
[Result "1-0"]
[WhiteElo "1778"]
[BlackElo "1455"]
[PlyCount "44"]
[EventDate "2010.09.03"]

1. d4 d5 2. Nf3 c5 3. dxc5 Nc6 4. Bf4 Nf6 5. e3 Qa5+ 6. Nbd2 Bg4 7. Be2 Ne4 8.
c3 Qxc5 9. Nb3 Qb6 10. Qxd5 Bxf3 11. gxf3 Nf6 12. Qb5 Nd7 13. e4 e5 14. Be3 Qc7
15. Rd1 O-O-O 16. f4 exf4 17. Bd4 Kb8 18. Rg1 Nb6 19. a4 Nxd4 20. cxd4 a6 21.
Qa5 Ka7 22. Rc1 Qd6 1-0

[Event "II Open Alfa Lum A"]
[Site "Cagliari ITA"]
[Date "2010.09.03"]
[Round "1"]
[White "Sanna, Yuri"]
[Black "Pani, Silvio"]
[Result "1-0"]
[WhiteElo "1748"]
[BlackElo "1401"]
[PlyCount "43"]
[EventDate "2010.09.03"]

1. e4 e5 2. f4 d5 3. exd5 Nf6 4. Bb5+ Bd7 5. Bxd7+ Nbxd7 6. c4 Bc5 7. Nc3 Ng8
8. Ne4 exf4 9. Ne2 Qh4+ 10. g3 fxg3 11. N2xg3 Ngf6 12. d3 O-O 13. Bg5 Bb4+ 14.
Bd2 Bxd2+ 15. Qxd2 Rfe8 16. O-O-O Nxe4 17. dxe4 Ne5 18. Qc3 Rad8 19. Rdf1 c6
20. Rhg1 Qxh2 21. Nf5 Ng6 22. Qxg7# 1-0

[Event "II Open Alfa Lum A"]
[Site "Cagliari ITA"]
[Date "2010.09.03"]
[Round "1"]
[White "Zuccarelli, Angelo"]
[Black "Dessy, Eugenio"]
[Result "1-0"]
[WhiteElo "1905"]
[BlackElo "1652"]
[PlyCount "55"]
[EventDate "2010.09.03"]

1. e4 e5 2. Nf3 Nc6 3. Bb5 Nd4 4. Nxd4 exd4 5. d3 Bc5 6. Nd2 Ne7 7. Qh5 Bb6 8.
Nc4 O-O 9. Nxb6 axb6 10. Bd2 c6 11. Bc4 d5 12. exd5 Nxd5 13. O-O Nf6 14. Qh4
Be6 15. Bg5 Bxc4 16. dxc4 Qd6 17. Bxf6 gxf6 18. Rfd1 c5 19. Rd3 Rfe8 20. Qh6
Rxa2 21. Rc1 Re2 22. Rg3+ Qxg3 23. hxg3 Rxb2 24. Qxf6 Rbxc2 25. Ra1 Ra2 26.
Rxa2 Rxa2 27. Qxb6 Kg7 28. Qxc5 1-0

[Event "II Open Alfa Lum A"]
[Site "Cagliari ITA"]
[Date "2010.09.03"]
[Round "2"]
[White "Altea, Alessandro"]
[Black "Masala, Diego"]
[Result "1-0"]
[WhiteElo "1789"]
[BlackElo "1857"]
[PlyCount "47"]
[EventDate "2010.09.03"]

1. e4 e6 2. d3 Ne7 3. b3 d5 4. Nd2 b6 5. Bb2 Bb7 6. Ngf3 Nd7 7. g3 Nc5 8. Qe2
dxe4 9. dxe4 Ng6 10. Bg2 Qe7 11. O-O-O O-O-O 12. Rhe1 e5 13. h4 h5 14. Bh3+ Kb8
15. Nc4 Rxd1+ 16. Rxd1 Nxe4 17. Ncxe5 Nxe5 18. Nxe5 a5 19. Rd7 Qc5 20. Rxf7 Bc6
21. Nxc6+ Qxc6 22. Bg2 Qh6+ 23. f4 Nd6 24. Qa6 1-0

[Event "II Open Alfa Lum A"]
[Site "Cagliari ITA"]
[Date "2010.09.03"]
[Round "2"]
[White "Altea, Giovanni"]
[Black "Zuccarelli, Angelo"]
[Result "1/2-1/2"]
[WhiteElo "1850"]
[BlackElo "1905"]
[PlyCount "86"]
[EventDate "2010.09.03"]

1. c4 e6 2. g3 d5 3. Bg2 Nf6 4. Nf3 Be7 5. O-O O-O 6. d3 c6 7. b3 Nbd7 8. Bb2
Bd6 9. Nbd2 e5 10. cxd5 cxd5 11. Rc1 b5 12. Rc6 Qe7 13. Nh4 Nb6 14. Qa1 Bd7 15.
Rc2 Rac8 16. Rfc1 Rxc2 17. Rxc2 Re8 18. Nhf3 Bc8 19. e3 Nfd7 20. Qc1 Nf6 21.
Nh4 Bd7 22. e4 dxe4 23. dxe4 h6 24. Nf5 Bxf5 25. exf5 Nbd5 26. a3 Qd7 27. Ne4
Nxe4 28. Bxe4 Ne7 29. Qd1 f6 30. Rd2 Rd8 31. Bc3 Nc8 32. Bb4 Kh8 33. Ba5 Nb6
34. Bb4 Nc8 35. Ba5 Nb6 36. Bxb6 axb6 37. b4 Qc7 38. Rc2 Bxb4 39. Qe2 Bc5 40.
Qxb5 Qd6 41. a4 Qd1+ 42. Kg2 Qd4 43. Re2 Qb4 1/2-1/2

[Event "II Open Alfa Lum A"]
[Site "Cagliari ITA"]
[Date "2010.09.03"]
[Round "2"]
[White "Camboni, Paolo"]
[Black "Sanna, Yuri"]
[Result "0-1"]
[WhiteElo "1898"]
[BlackElo "1748"]
[PlyCount "136"]
[EventDate "2010.09.03"]

1. d4 Nf6 2. Bg5 e6 3. e4 h6 4. Bxf6 Qxf6 5. c3 b6 6. Nd2 Bb7 7. Ngf3 d6 8. Bd3
Nd7 9. Qe2 e5 10. d5 Be7 11. Nf1 g6 12. Ng3 h5 13. h3 Bf8 14. Nf1 Bh6 15. Ne3
Bxe3 16. fxe3 h4 17. O-O Qe7 18. Nh2 Nf6 19. Bb5+ Kf8 20. Qf3 Nh5 21. Rf2 Kg7
22. Qd1 Ng3 23. Qc2 a6 24. Be2 c6 25. c4 Qg5 26. Nf1 cxd5 27. cxd5 Rac8 28. Qd3
Rc7 29. Bg4 Bc8 30. Bxc8 Rhxc8 31. Nxg3 hxg3 32. Rf3 Rc1+ 33. Rf1 Rxa1 34. Rxa1
b5 35. Rf1 Qd8 36. Qd1 Qa5 37. Qf3 Rf8 38. Qxg3 Qxa2 39. Qf2 f5 40. h4 Qc4 41.
h5 Qxe4 42. hxg6 Kxg6 43. Qg3+ Kf6 44. Rc1 Qxd5 45. Qh4+ Ke6 46. Qh5 Kd7 47.
Rd1 Qf7 48. Qf3 e4 49. Qg3 Qe6 50. Ra1 Rg8 51. Qh3 Qf6 52. Rxa6 Ke6 53. Qh2 Rd8
54. Ra2 Rh8 55. Qg3 Rc8 56. Qe1 Qg5 57. Ra6 Rc2 58. Rxd6+ Kxd6 59. Qd1+ Ke6 60.
Qxc2 Qxe3+ 61. Kf1 Qd3+ 62. Qe2 Ke5 63. g3 Kd4 64. Kf2 Qxe2+ 65. Kxe2 e3 66.
Ke1 b4 67. Ke2 Ke4 68. b3 Kd4 0-1

[Event "II Open Alfa Lum A"]
[Site "Cagliari ITA"]
[Date "2010.09.03"]
[Round "2"]
[White "Dessy, Eugenio"]
[Black "Pani, Giovanni"]
[Result "0-1"]
[WhiteElo "1652"]
[BlackElo "1434"]
[PlyCount "54"]
[EventDate "2010.09.03"]

1. e4 e5 2. Nf3 Nc6 3. Bb5 d6 4. d4 Bd7 5. O-O a6 6. Bxc6 Bxc6 7. dxe5 Bxe4 8.
Ng5 Bg6 9. exd6 Bxd6 10. Re1+ Ne7 11. Nc3 O-O 12. Nge4 Nf5 13. Bg5 f6 14. Qd5+
Kh8 15. Nxd6 Nxd6 16. Bf4 Rb8 17. Re2 Rf7 18. h4 Rd7 19. Qf3 Nf5 20. Qg4 Nd4
21. Rd2 Nf3+ 22. Qxf3 Rxd2 23. Bxd2 Qxd2 24. Rd1 Qxc2 25. Qxb7 Qxd1+ 26. Nxd1
Rxb7 27. Ne3 Rxb2 0-1

[Event "II Open Alfa Lum A"]
[Site "Cagliari ITA"]
[Date "2010.09.03"]
[Round "2"]
[White "Di Pinto, Vincenzo"]
[Black "Clementini, Lorenzo"]
[Result "0-1"]
[WhiteElo "1567"]
[BlackElo "2063"]
[PlyCount "48"]
[EventDate "2010.09.03"]

1. d4 f5 2. c4 Nf6 3. Nc3 e6 4. g3 d5 5. cxd5 exd5 6. Bg2 c6 7. Nf3 Bd6 8. O-O
O-O 9. Ne5 Nbd7 10. f4 Qe8 11. b3 Nb6 12. Qd3 Ne4 13. h3 Be6 14. Kh2 Rd8 15.
Bb2 Nd7 16. Rac1 Ndf6 17. Nd1 Kh8 18. Nf2 Qh5 19. Bf3 Qh6 20. Kg2 g5 21. fxg5
Qxg5 22. Nh1 Rg8 23. Bxe4 dxe4 24. Qc3 Nd5 0-1

[Event "II Open Alfa Lum A"]
[Site "Cagliari ITA"]
[Date "2010.09.03"]
[Round "2"]
[White "Mallo', Danilo"]
[Black "Pannella, Antonello"]
[Result "1-0"]
[WhiteElo "1942"]
[BlackElo "1535"]
[PlyCount "65"]
[EventDate "2010.09.03"]

1. d4 f5 2. g3 Nf6 3. Bg2 Nc6 4. d5 Ne5 5. Nc3 d6 6. Nh3 g6 7. f4 Nf7 8. Qd3
Bg7 9. Nf2 O-O 10. Bd2 Re8 11. O-O-O Bd7 12. h3 a6 13. e4 b5 14. exf5 Bxf5 15.
Nce4 Nxe4 16. Bxe4 Bxe4 17. Qxe4 Qd7 18. g4 e6 19. Rhe1 e5 20. f5 g5 21. h4 Qe7
22. Nh3 h6 23. hxg5 hxg5 24. Rh1 Bh6 25. Rdf1 Qf6 26. Nf2 Kg7 27. Rh5 Rh8 28.
Qf3 Kf8 29. Ne4 Qd8 30. Rfh1 Rc8 31. Nxg5 Qf6 32. Ne6+ Ke7 33. Rxh6 1-0

[Event "II Open Alfa Lum A"]
[Site "Cagliari ITA"]
[Date "2010.09.03"]
[Round "2"]
[White "Melis, Daniele"]
[Black "Maldarelli, Lorenzo"]
[Result "1-0"]
[WhiteElo "1455"]
[BlackElo "1806"]
[PlyCount "53"]
[EventDate "2010.09.03"]

1. e4 c5 2. Nf3 d6 3. Nc3 Nf6 4. d4 cxd4 5. Qxd4 g6 6. Bc4 Bg7 7. Be3 O-O 8.
Qd2 Nc6 9. Bh6 Bd7 10. Bxg7 Kxg7 11. h4 Qa5 12. O-O-O Rab8 13. h5 Rh8 14. h6+
Kf8 15. Ng5 Ne5 16. Bb3 Rc8 17. f4 Nc4 18. Bxc4 Rxc4 19. e5 dxe5 20. fxe5 Qxe5
21. Rhf1 Be8 22. Rde1 Qa5 23. Rxf6 Rxc3 24. bxc3 Qa3+ 25. Kd1 exf6 26. Qd8 Qa4
27. Qe7+ 1-0

[Event "II Open Alfa Lum A"]
[Site "Cagliari ITA"]
[Date "2010.09.03"]
[Round "2"]
[White "Murgia, Elio"]
[Black "Murtas, Gianvito"]
[Result "1-0"]
[WhiteElo "1712"]
[BlackElo "1781"]
[PlyCount "41"]
[EventDate "2010.09.03"]

1. d4 Nf6 2. c4 e6 3. Nc3 b6 4. e4 Bb4 5. Bd3 Bb7 6. Qc2 Nc6 7. Nf3 Be7 8. a3
d6 9. O-O g5 10. Bxg5 Rg8 11. Ne2 Kd7 12. Qa4 Ng4 13. Bxe7 Kxe7 14. h3 Nh6 15.
Rae1 Kf8 16. d5 Qf6 17. dxc6 Qxf3 18. Ng3 Rxg3 19. fxg3 Qxd3 20. cxb7 Qd4+ 21.
Kh2 1-0

[Event "II Open Alfa Lum A"]
[Site "Cagliari ITA"]
[Date "2010.09.03"]
[Round "2"]
[White "Neri, Enzo"]
[Black "Nessi, Davide"]
[Result "1-0"]
[WhiteElo "2070"]
[BlackElo "1785"]
[PlyCount "81"]
[EventDate "2010.09.03"]

1. d4 Nf6 2. c4 g6 3. Nc3 d5 4. Nf3 Bg7 5. Qb3 dxc4 6. Qxc4 O-O 7. e4 c6 8. Be2
Na6 9. Qb3 b6 10. O-O c5 11. d5 e6 12. Qa4 Nc7 13. d6 Nce8 14. Rd1 Bb7 15. Ba6
Bxa6 16. Qxa6 Nd7 17. Bg5 f6 18. Bf4 Rf7 19. Bg3 Qb8 20. Rd2 e5 21. Rad1 Bf8
22. Nb5 c4 23. Qa4 a6 24. Nc7 b5 25. Qa5 Ra7 26. Nxe8 Qxe8 27. a4 Qa8 28. Rd5
Qb7 29. axb5 axb5 30. Rxb5 Qa8 31. Qe1 Ra6 32. Rbd5 Ra2 33. Qc3 Qa4 34. h4 Nb6
35. R5d2 Rd7 36. Qe3 Nc8 37. Qc5 Na7 38. Ne1 Bh6 39. Rc2 Rxb2 40. Qd5+ Kh8 41.
Rxb2 1-0

[Event "II Open Alfa Lum A"]
[Site "Cagliari ITA"]
[Date "2010.09.03"]
[Round "2"]
[White "Pais, Mario"]
[Black "Carucci, Bruno"]
[Result "1/2-1/2"]
[WhiteElo "1745"]
[BlackElo "1576"]
[PlyCount "98"]
[EventDate "2010.09.03"]

1. e4 Nf6 2. e5 Nd5 3. d4 d6 4. c4 Nb6 5. exd6 cxd6 6. Nc3 g6 7. Be3 Bg7 8. Nf3
Bg4 9. Bd3 O-O 10. h3 Bd7 11. O-O Nc6 12. Qd2 e5 13. d5 Ne7 14. Bh6 Nf5 15.
Bxg7 Kxg7 16. Ne4 Qe7 17. b3 h6 18. Rac1 Nh4 19. Nxh4 Qxh4 20. Qe3 Qe7 21. f4
f5 22. Ng3 e4 23. Be2 Be8 24. Rfd1 Rc8 25. Bf1 Rc5 26. Ne2 Nc8 27. Nd4 Bf7 28.
Qc3 Kh7 29. b4 Rc7 30. Nb5 Rd7 31. Qd4 e3 32. Re1 Re8 33. Be2 b6 34. Nc3 Qf8
35. Bf3 Rde7 36. Rc2 Qg7 37. Qd3 g5 38. fxg5 Bg6 39. gxh6 Kxh6 40. Rcc1 f4 41.
Qe2 Qf6 42. a4 Qf5 43. Red1 Bh5 44. Bxh5 Qxh5 45. Qxh5+ Kxh5 46. Ne2 Rf8 47.
Rf1 Ref7 48. Nd4 Ne7 49. Rce1 Ng6 1/2-1/2

[Event "II Open Alfa Lum A"]
[Site "Cagliari ITA"]
[Date "2010.09.03"]
[Round "2"]
[White "Pani, Silvio"]
[Black "Rocco, Luciano"]
[Result "1-0"]
[WhiteElo "1401"]
[BlackElo "1713"]
[PlyCount "54"]
[EventDate "2010.09.03"]

1. e4 c5 2. Nf3 Nc6 3. d4 cxd4 4. Nxd4 a6 5. f4 d6 6. Bc4 e6 7. Nc3 Be7 8. Be3
Qc7 9. Qe2 Nxd4 10. Bxd4 Nf6 11. O-O-O O-O 12. g4 b5 13. Bd3 e5 14. g5 Bg4 15.
Qg2 exd4 16. gxf6 Bxf6 17. Nd5 Qc8 18. Nxf6+ gxf6 19. h3 Kh8 20. hxg4 Rg8 21.
Qh3 Rg7 22. e5 Qg8 23. exf6 Rg6 24. Bxg6 fxg6 25. Rxd4 Ra7 26. b3 Qf8 27. g5
Rd7 1-0

[Event "II Open Alfa Lum A"]
[Site "Cagliari ITA"]
[Date "2010.09.03"]
[Round "2"]
[White "Pannella, Leopoldo"]
[Black "Massa, Gianluca"]
[Result "1/2-1/2"]
[WhiteElo "1584"]
[BlackElo "1691"]
[PlyCount "40"]
[EventDate "2010.09.03"]

1. d4 Nf6 2. c4 c5 3. d5 b5 4. cxb5 a6 5. b6 Qxb6 6. Nc3 d6 7. Nf3 g6 8. Nd2
Bg7 9. e4 O-O 10. a4 e6 11. Nc4 Qc7 12. dxe6 Bxe6 13. Qxd6 Qxd6 14. Nxd6 Nc6
15. Be3 Nd4 16. O-O-O Ng4 17. Bc4 Bxc4 18. Nxc4 Rfd8 19. h3 Nxe3 20. Nxe3 Nb3+
1/2-1/2

[Event "II Open Alfa Lum A"]
[Site "Cagliari ITA"]
[Date "2010.09.03"]
[Round "2"]
[White "Pompianu, Livio"]
[Black "Saccheri, Fabio"]
[Result "0-1"]
[WhiteElo "1503"]
[BlackElo "1778"]
[PlyCount "60"]
[EventDate "2010.09.03"]

1. d4 d5 2. c4 e5 3. e3 exd4 4. exd4 Nf6 5. Nf3 Be7 6. Be2 O-O 7. O-O Bf5 8.
Nc3 Nc6 9. Be3 Nb4 10. Qd2 Nc2 11. Rac1 Nxe3 12. Qxe3 Re8 13. Qd2 Ne4 14. Nxe4
dxe4 15. Qa5 exf3 16. Bxf3 c5 17. Qxd8 Raxd8 18. d5 Bf6 19. b3 Bd4 20. Rfe1
Rxe1+ 21. Rxe1 Kf8 22. Kf1 Re8 23. d6 Rxe1+ 24. Kxe1 b6 25. Bc6 Bb1 26. a3 Bb2
27. b4 cxb4 28. a4 Bc3+ 29. Kd1 Bd3 30. Bb5 b3 0-1

[Event "II Open Alfa Lum A"]
[Site "Cagliari ITA"]
[Date "2010.09.03"]
[Round "2"]
[White "Porru, Giambattista"]
[Black "Bulleri, Valentino"]
[Result "0-1"]
[WhiteElo "1518"]
[BlackElo "1584"]
[PlyCount "50"]
[EventDate "2010.09.03"]

1. e4 c5 2. Nc3 d6 3. Bc4 Nf6 4. h3 g6 5. Nd5 Nxd5 6. Bxd5 Bg7 7. d3 O-O 8. c3
Nd7 9. Bg5 Nb6 10. Bb3 d5 11. exd5 Nxd5 12. Qd2 b6 13. Nf3 Re8 14. O-O-O Bb7
15. Rhe1 Qc7 16. Bh6 Bh8 17. c4 Nb4 18. Bf4 Nxd3+ 19. Qxd3 Qxf4+ 20. Re3 Bxf3
21. gxf3 Bd4 22. Ba4 Red8 23. Rde1 Bxb2+ 24. Kxb2 Rxd3 25. Rxd3 Qxc4 0-1

[Event "II Open Alfa Lum A"]
[Site "Cagliari ITA"]
[Date "2010.09.03"]
[Round "2"]
[White "Toniolo, Massimo"]
[Black "Puzzoni, Christian"]
[Result "0-1"]
[WhiteElo "1760"]
[BlackElo "2107"]
[PlyCount "66"]
[EventDate "2010.09.03"]

1. e4 Nc6 2. d4 e5 3. Nf3 d6 4. dxe5 Bg4 5. Bb5 dxe5 6. Qd5 Bd6 7. Nxe5 Bxe5 8.
Qxe5+ Nge7 9. Bxc6+ bxc6 10. O-O O-O 11. Bf4 Ng6 12. Qxc7 Qd4 13. c3 Qf6 14.
Be3 Rab8 15. Bd4 Qe6 16. f3 Bh5 17. b3 Rbc8 18. Qg3 c5 19. Be3 Ne5 20. Na3 f5
21. Bh6 Bg6 22. exf5 Qxf5 23. Bg5 Rfe8 24. Rae1 h6 25. Bf4 Nd3 26. Rxe8+ Rxe8
27. Bd6 Bf7 28. c4 Qf6 29. Nb5 a6 30. Nc7 Qd4+ 31. Kh1 Nf2+ 32. Kg1 Ne4+ 33.
Rf2 Nxg3 0-1

[Event "II Open Alfa Lum A"]
[Site "Cagliari ITA"]
[Date "2010.09.04"]
[Round "3"]
[White "Carucci, Bruno"]
[Black "Pani, Silvio"]
[Result "1-0"]
[WhiteElo "1576"]
[BlackElo "1401"]
[PlyCount "77"]
[EventDate "2010.09.03"]

1. d4 d5 2. c4 Nf6 3. Nc3 e6 4. Nf3 Be7 5. e3 c5 6. cxd5 exd5 7. Bb5+ Bd7 8.
O-O O-O 9. Ne5 Bxb5 10. Nxb5 a6 11. Nc3 c4 12. Re1 b5 13. b3 Nbd7 14. f4 Bb4
15. Bb2 Qa5 16. Nc6 Bxc3 17. Nxa5 Bxb2 18. Rb1 c3 19. Nc6 Rac8 20. Ne7+ Kh8 21.
Nxc8 Rxc8 22. Qc2 Ne4 23. Rxb2 b4 24. Rbb1 Nb6 25. Ra1 g6 26. a3 a5 27. axb4
axb4 28. Ra7 Kg7 29. Rb7 Rc6 30. Ra1 g5 31. fxg5 h6 32. Ra6 hxg5 33. Rbxb6 Rc8
34. Rb7 g4 35. Raa7 g3 36. Rxf7+ Kg8 37. Rg7+ Kh8 38. hxg3 Nxg3 39. Qh7# 1-0

[Event "II Open Alfa Lum A"]
[Site "Cagliari ITA"]
[Date "2010.09.04"]
[Round "3"]
[White "Clementini, Lorenzo"]
[Black "Saccheri, Fabio"]
[Result "1/2-1/2"]
[WhiteElo "2063"]
[BlackElo "1778"]
[PlyCount "40"]
[EventDate "2010.09.03"]

1. d4 d5 2. c4 e5 3. dxe5 d4 4. Nf3 Nc6 5. g3 Nge7 6. Bg2 Ng6 7. Qb3 Bc5 8. O-O
O-O 9. Nbd2 Ngxe5 10. Nxe5 Nxe5 11. Ne4 Be7 12. Rd1 Be6 13. Nd2 Rb8 14. Qc2 d3
15. exd3 Qxd3 16. Qxd3 Nxd3 17. b3 Rfd8 18. Ne4 Nxc1 19. Raxc1 f5 20. Nc3 c6
1/2-1/2

[Event "II Open Alfa Lum A"]
[Site "Cagliari ITA"]
[Date "2010.09.04"]
[Round "3"]
[White "Masala, Diego"]
[Black "Pais, Mario"]
[Result "1/2-1/2"]
[WhiteElo "1857"]
[BlackElo "1745"]
[PlyCount "56"]
[EventDate "2010.09.03"]

1. e4 d5 2. e5 Bf5 3. d4 e6 4. Nf3 Bb4+ 5. c3 Be7 6. Be3 Nd7 7. Bb5 a6 8. Ba4
b5 9. Bc2 Bxc2 10. Qxc2 c5 11. O-O cxd4 12. cxd4 Rc8 13. Qe2 Ra8 14. Nbd2 Nh6
15. a3 Nf5 16. b4 Nxe3 17. fxe3 O-O 18. Nb3 Nb6 19. Nfd2 Qd7 20. Rfc1 Nc4 21.
e4 Rfc8 22. exd5 exd5 23. Nc5 Bxc5 24. dxc5 Re8 25. Nxc4 dxc4 26. Re1 Qd4+ 27.
Qe3 Qxe3+ 28. Rxe3 Rad8 1/2-1/2

[Event "II Open Alfa Lum A"]
[Site "Cagliari ITA"]
[Date "2010.09.04"]
[Round "3"]
[White "Massa, Gianluca"]
[Black "Murgia, Elio"]
[Result "0-1"]
[WhiteElo "1691"]
[BlackElo "1712"]
[PlyCount "31"]
[EventDate "2010.09.03"]

1. d4 d5 2. c4 Nf6 3. Nc3 c6 4. cxd5 e6 5. dxe6 Bxe6 6. Nf3 Bb4 7. a3 Bxc3+ 8.
bxc3 O-O 9. Bg5 Nbd7 10. e3 Qa5 11. Qd2 Ne4 12. Qd3 Nxg5 13. h4 Bf5 14. Qd2 Ne4
15. Qd3 Nxf2 16. Qe2 0-1